[Event "Torino Province-ch"]
[Site "Torino"]
[Date "2016.03.08"]
[Round "7"]
[White "Di Chiara, Mauro"]
[Black "De Vito, Gian Marco"]
[Result "1-0"]
[WhiteElo "1936"]
[BlackElo "1580"]
[PlyCount "65"]
[EventDate "2016.01.26"]
[EventType "swiss"]
[EventRounds "7"]
[EventCountry "ITA"]
[SourceTitle "EXT 2018"]
[Source "ChessBase"]
[SourceDate "2017.10.13"]
[SourceVersion "1"]
[SourceVersionDate "2017.10.13"]
[SourceQuality "1"]

1. e4 e5 2. Nf3 Nc6 3. Bb5 a6 4. Ba4 b5 5. Bb3 Bc5 6. 0-0 Nf6 7. c3 Nxe4 8. d4 exd4 9. cxd4 Be7 10. Re1 Nf6 11. a4 bxa4 12. Rxa4 0-0 13. d5 Nb4 14. Nc3 Bb7 15. Qd4 c5 16. Qe5 Re8 17. d6 Bxd6 18. Qxd6 Bxf3 19. Rxe8+ Qxe8 20. gxf3 Qe1+ 21. Kg2 Qxc1 22. Qxc5 Nd3 23. Bxf7+ Kxf7 24. Qc4+ Kf8 25. Qxd3 Qxb2 26. Qd6+ Kf7 27. Nd5 Qb7 28. Qe7+ Kg6 29. Nxf6 gxf6 30. Rg4+ Kf5 31. Rf4+ Kg6 32. Qxf6+ Kh5 33. Rh4# 1-0

[Event "Torino Province-ch"]
[Site "Torino"]
[Date "2016.02.09"]
[Round "3"]
[White "De Vito, Gian Marco"]
[Black "Liviabella, Lucio"]
[Result "1-0"]
[WhiteElo "1580"]
[BlackElo "1581"]
[PlyCount "81"]
[EventDate "2016.01.26"]
[EventType "swiss"]
[EventRounds "7"]
[EventCountry "ITA"]
[SourceTitle "EXT 2018"]
[Source "ChessBase"]
[SourceDate "2017.10.13"]
[SourceVersion "1"]
[SourceVersionDate "2017.10.13"]
[SourceQuality "1"]

1. d4 f5 2. Bf4 Nf6 3. c4 e6 4. e3 Bb4+ 5. Nc3 Ne4 6. Rc1 0-0 7. Nf3 g5 8. Bg3 b6 9. Be2 Bb7 10. 0-0 Nxg3 11. fxg3 g4 12. Ne5 d6 13. Nd3 Bxc3 14. Rxc3 Qg5 15. Kf2 Nd7 16. c5 Nf6 17. Kg1 Qxe3+ 18. Nf2 Qg5 19. cxb6 Nd5 20. Rxc7 Nxc7 21. bxc7 f4 22. Bxg4 Bd5 23. Nh3 Qg7 24. Nxf4 Rf6 25. Re1 Raf8 26. Nxd5 exd5 27. c8Q Rxc8 28. Bxc8 Qf7 29. Rf1 Qg6 30. Rxf6 Qxf6 31. Qg4+ Kf8 32. Qf5 Ke7 33. Qxf6+ Kxf6 34. Kf2 h6 35. Ke3 Kg5 36. Be6 Kf6 37. Bxd5 Ke7 38. Kf4 Kf6 39. Bb3 Ke7 40. d5 Kd7 41. Kg4 1-0